000 00657nam a2200229Ia 4500
003 0100
008 130307s9999 xx 000 0 und d
040 _cARRUPELIB
050 _aLA1596.K45 1999
100 _aKelly, Michael J
245 4 _aThe origins and development of education in Zambia
245 _bfrom pre-colonoal times to 1996: a book of notes and readings
260 _aLusaka
260 _bImage Publishers Limited
260 _c1999
300 _a365p.
300 _b30 cm.
650 _aEDUCATION
650 _bCarroll, Lewis, 1832-1898--Correspondence
650 _cAuthors, English--19th century--Correspondence
942 0 0 _012
999 _c97248
_d97248